Urdu safar namy ka gul -e khud rou- Muhammad Toufeeq/ (Record no. 330582)

000 -LEADER
fixed length control field nam a22 7a 4500
003 - CONTROL NUMBER IDENTIFIER
control field NUST
005 - DATE AND TIME OF LATEST TRANSACTION
control field 20170721114925.0
008 - FIXED-LENGTH DATA ELEMENTS--GENERAL INFORMATION
fixed length control field 170721b xxu||||| |||| 00| 0 eng d
040 ## - CATALOGING SOURCE
Transcribing agency NUST
041 ## - LANGUAGE CODE
Language code of original urdu
082 ## - DEWEY DECIMAL CLASSIFICATION NUMBER
Classification number 910
Author Mark TOU
100 ## - MAIN ENTRY--PERSONAL NAME
Personal name Toufeeq, Muhammad
9 (RLIN) 3521
245 ## - TITLE STATEMENT
Title Urdu safar namy ka gul -e khud rou- Muhammad Toufeeq/
Statement of responsibility, etc. by Rauf Amir
260 ## - PUBLICATION, DISTRIBUTION, ETC.
Place of publication, distribution, etc. Islamabad:
Name of publisher, distributor, etc. AR printers,
Date of publication, distribution, etc. 2005
300 ## - PHYSICAL DESCRIPTION
Extent 154 p.
500 ## - GENERAL NOTE
General note Safar namah
546 ## - LANGUAGE NOTE
Language note In urdu
650 ## - SUBJECT ADDED ENTRY--TOPICAL TERM
Topical term or geographic name entry element Safar nama
9 (RLIN) 3522
700 ## - ADDED ENTRY--PERSONAL NAME
Personal name Muhammad Toufeeq
9 (RLIN) 3523
880 ## - ALTERNATE GRAPHIC REPRESENTATION
Linkage 100-01\(3\r
Title محمد توفیق
880 ## - ALTERNATE GRAPHIC REPRESENTATION
Linkage 245-02\(3\r
Title اردو سفر نامے کا گل خود رو- محمد توفیق
c رؤف امیر
880 ## - ALTERNATE GRAPHIC REPRESENTATION
Linkage 260-03\(3\r
Title اسلام آباد:
b اے ۔ ار پرنٹرز،
c 2005
942 ## - ADDED ENTRY ELEMENTS (KOHA)
Source of classification or shelving scheme
Koha item type Book
Holdings
Withdrawn status Lost status Source of classification or shelving scheme Damaged status Not for loan Permanent Location Current Location Shelving location Date acquired Full call number Barcode Date last seen Copy number Price effective from Koha item type
          Central Library (CL) Central Library (CL) Fiction 07/21/2017 910 TOU CL1144 11/11/2020 1 07/21/2017 Book
© 2023 Central Library, National University of Sciences and Technology. All Rights Reserved.